Възникване на съвременна Турция (Запис номер 104623)
[ съкратено ]
| 000 -Лидер | |
|---|---|
| Контролно поле с фиксирана дължина | 01323nam a2200349 c 4500 |
| 003 - Код на организацията, давaща контролен номер | |
| Контролно поле | BLK |
| 005 - Дата и час на последна редакция | |
| Контролно поле | 20231103005131.0 |
| 008 - Елементи от данни с фиксирана дължина | |
| fixed length control field | 180409b bul|||||r ||||||| ||bul|| |
| 010 ## - Наследен системен номер | |
| LC control number | KNG00109731000 |
| 020 ## - Международен стандартен номер на книга ISBN | |
| Международен стандартен номер на книга ISBN | 954-8336-80-4 |
| -- | издат.: Пигмалион |
| 040 ## - Източник на каталожния запис | |
| Идентификатор на билиотеката - собственик на записа | BLK |
| 041 ## - Код за език | |
| Код за езика на текст/звукозапис или на отделно заглавие | Български |
| Код за езика КДБФ | Български |
| 080 ## - УДК | |
| Текстов определител УДК | История на Република Турция след 1920 г. Вж и 949.61 и 939.2/.3 |
| УДК код - определител по УДК | 956.0 |
| УДК определител | |
| УДК - код + определител | 956.0 |
| 100 1# - Редна дума - Автор | |
| Автор | Люис, Бърнард |
| Авторска отговорност | първи автор |
| R(LIN) | 309970 |
| 139 ## - Редно поле | |
| Редна дума | Люис, Бърнард |
| Авторски знак | Люб - Л 95 |
| 245 10 - Сведения за заглавието | |
| Заглавие | Възникване на съвременна Турция |
| Редно поле (дума) | Бърнард Люис; прев. Огнян Алтънчев. |
| 257 ## - Страна на издаване | |
| Страна на създаване/издаване | Великобритания |
| 260 ## - Област на издателските данни | |
| -- | Пловдив |
| Име на издателя, разпространителя и проч. | Пигмалион |
| Година на издаване | 2003 |
| 300 ## - Физическа характеристика | |
| Страници | 558 с. |
| Илюстрации и др. | с к., 4 л. : ил. |
| Размери/Мащаб | 20 см |
| 380 ## - Жанр | |
| Жанр | История |
| 500 ## - Общи забележки | |
| Забележка | Ориг. загл. The Emergence of Modern Turkey / Bernard Lewis. - Офс. изд. |
| 650 #4 - Допълнително описание по предмет – тема | |
| Основно описание – тема или топоним | Турция - история |
| 9 (RLIN) | 263697 |
| 653 ## - Ключова дума – ненормативна | |
| Ключова дума | Турция |
| 653 ## - Ключова дума – ненормативна | |
| Ключова дума | история |
| 700 ## - Други автори (авторска отговорност) | |
| Лично име | Алтънчев, Огнян Иванов |
| Дати, свързани с автора | 1949- |
| 9 (RLIN) | 365196 |
| 852 ## - Местоположение | |
| Форматна сигнатура | Цб 217210 |
| 856 4# - Електронен адрес и достъп | |
| Електронен формат | pdf - файл |
| Път до файла /url/ | |
| 856 4# - Електронен адрес и достъп | |
| Електронен формат | pdf - файл |
| Път до файла /url/ | |
| 942 ## - АРТИКУЛИ | |
| Вид на библиотечния материал | Книги |
| Скрит в OPAC | Не |
| 944 ## - СЪЗДАВАНЕ И РЕДАКЦИЯ на ЗАПИСА | |
| Създаване/Редакция | Създаване |
| Дата на регистрацията/редакция | 17.12.2003 |
| Служител, извършил регистрацията/редакцията | |
| Статус, дата на статуса | CRON CRON |
| 944 ## - СЪЗДАВАНЕ И РЕДАКЦИЯ на ЗАПИСА | |
| Създаване/Редакция | Редакция |
| Дата на регистрацията/редакция | 08.12.2005 |
| Служител, извършил регистрацията/редакцията | |
| 999 ## - СИСТЕМНИ КОНТРОЛНИ НОМЕРА | |
| Koha biblionumber | 104623 |
| Koha biblioitemnumber | 104623 |
| Код за отписване | Код за изгубен артикул | Източник на класификационната схема | Код за повреда | Коз за рестрикции | Код за отдаване | Артикулен № | Име на библиотеката - собственик | Име на библиотеката, в която се намира в момента | Статус (Текущо местоположение) | Дата на вписване в системата | Местоположение - отдел | Цена в лева | Инвентарен номер | Систематично азбучна сигнатура | Баркод | Номер на екземпляра | Цена в евро | Служебна бележка | Служебен тип на артикула |
|---|---|---|---|---|---|---|---|---|---|---|---|---|---|---|---|---|---|---|---|
| Не е изгубен | Universal Decimal Classification | Не е повреден | без рестрикции | ползва се в читалня | 169038 | Регионална библиотека "Любен Каравелов" Русе | Регионална библиотека "Любен Каравелов" Русе | Читалня | 2003-12-17 | Читалня | 12.00 | 120000681078 | Ч 93/94/Л 95 Б | 120000681078 | 1 | 6.14 | Дост: Pk Вид: Ф N: 10 Дата: 17.12.2003 Дата инв: 28.03.2017 Бележки инв: Ч2017 | Книги | |
| Не е изгубен | Не е повреден | без рестрикции | ползва се в читалня | 169039 | Регионална библиотека "Любен Каравелов" Русе | Регионална библиотека "Любен Каравелов" Русе | Хранилище | 2005-09-27 | Хранилище | 0.00 | 120000696903 | Цб 217210 | 120000696903 | 2 | 0.00 | Дост: Dp Вид: Д N: 39 Дата: 15.09.2004 | Книги |